ՀՀ Գիտությունների ազգային ակադեմիայի հիմնարար գիտական գրադարան  =   Fundamental Scientific Library of NAS RA

Metodyka prezentacji kartograficznych w mobilnych systemach lokalizacyjnych i nawigacyjnych / (Record no. 297756)

MARC details
000 -LEADER
fixed length control field 00776nam a2200229 u 4500
001 - CONTROL NUMBER
control field 000825092
003 - CONTROL NUMBER IDENTIFIER
control field AM-YeHGA
005 - DATE AND TIME OF LATEST TRANSACTION
control field 20250617144628.0
008 - FIXED-LENGTH DATA ELEMENTS--GENERAL INFORMATION
fixed length control field 110727s2011 pl r 000 0 pol d
040 ## - CATALOGING SOURCE
Original cataloging agency AM-YeHGA
041 0# - LANGUAGE CODE
Language code of text/sound track or separate title pol
Language code of summary or abstract eng
090 ## - LOCALLY ASSIGNED LC-TYPE CALL NUMBER (OCLC); LOCAL CALL NUMBER (RLIN)
-- 299450
100 1# - MAIN ENTRY--PERSONAL NAME
Personal name Gotlib, Dariusz
245 10 - TITLE STATEMENT
Title Metodyka prezentacji kartograficznych w mobilnych systemach lokalizacyjnych i nawigacyjnych /
Statement of responsibility, etc. Dariusz Gotlib.
260 ## - PUBLICATION, DISTRIBUTION, ETC.
Place of publication, distribution, etc. Warszawa :
Name of publisher, distributor, etc. Oficyna wydaw. Politech. warszawskiej,
Date of publication, distribution, etc. 2011.
300 ## - PHYSICAL DESCRIPTION
Extent 158 p. :
Other physical details ill.(some col.).
440 #0 - SERIES STATEMENT/ADDED ENTRY--TITLE
Title Prace naukowe. Geodezja / Politech. warszawska
International Standard Serial Number 0137-2327
Volume/sequential designation Z. 48
504 ## - BIBLIOGRAPHY, ETC. NOTE
Bibliography, etc. note Includes biblijgr. references : (p. 149-155)
546 ## - LANGUAGE NOTE
Language note Summary in English
650 14 - SUBJECT ADDED ENTRY--TOPICAL TERM
Topical term or geographic name entry element Cartography
710 2# - ADDED ENTRY--CORPORATE NAME
Corporate name or jurisdiction name as entry element Politechnika warszawska
Holdings
Withdrawn status Lost status Damaged status Not for loan Collection Home library Current library Date acquired Cost, normal purchase price Total checkouts Full call number Barcode Date last seen Price effective from Koha item type Public note
        General Fundamental Scientific Library Fundamental Scientific Library 09/01/2017 1600.00   ПИ 7322/48 FL0179742 09/01/2017 09/01/2017 Գրքեր / Books 30 Days Loan


ՀՀ ԳԱԱ հիմնարար գիտական գրադարան
ՀՀ,Երևան 0019
Մարշալ Բաղրամյան 24/6
հեռախոս:(374-10) 52-47-50
Հետադարձ կապ

All site content, except where otherwise noted, is licensed under a
Creative Commons License